[Event "Hong Kong Jolimark op"]
[Site "Hong Kong"]
[Date "2018.12.26"]
[Round "8"]
[White "Liu, Pak"]
[Black "Cheng, Chen Yu Alexander"]
[Result "1-0"]
[WhiteElo "1199"]
[BlackElo "1482"]
[PlyCount "67"]
[EventDate "2018.12.22"]
[EventType "swiss"]
[EventRounds "9"]
[EventCountry "HKG"]
[SourceTitle "CBM 188 Extra"]
[Source "ChessBase"]
[SourceDate "2019.02.26"]
[SourceVersion "1"]
[SourceVersionDate "2019.02.26"]
[SourceQuality "1"]

1. e4 d5 2. exd5 Nf6 3. d4 Bg4 4. Nf3 Qxd5 5. Be2 Nc6 6. 0-0 0-0-0 7. Be3 h6 8. c3 g5 9. a4 Nh7 10. Qd2 f5 11. c4 Qf7 12. d5 e6 13. Nc3 Bxf3 14. Bxf3 f4 15. Bd4 e5 16. dxc6 Rxd4 17. cxb7+ Kb8 18. Qe1 Bd6 19. Bd5 Qd7 20. Nb5 Rd3 21. Qe2 e4 22. Bxe4 Rb3 23. Qc2 Rb4 24. c5 Be5 25. c6 Qe7 26. Rfd1 Nf6 27. Bf3 g4 28. Be2 Rxb2 29. Qd3 f3 30. gxf3 Rxe2 31. Qxe2 Bxh2+ 32. Kf1 Qg7 33. Qe3 Nd5 34. Qxa7# 1-0

[Event "Hong Kong Jolimark op"]
[Site "Hong Kong"]
[Date "2018.12.25"]
[Round "7"]
[White "Cheng, Chen Yu Alexander"]
[Black "Ho, In Hei Henry"]
[Result "0-1"]
[WhiteElo "1482"]
[BlackElo "1870"]
[PlyCount "166"]
[EventDate "2018.12.22"]
[EventType "swiss"]
[EventRounds "9"]
[EventCountry "HKG"]
[SourceTitle "CBM 188 Extra"]
[Source "ChessBase"]
[SourceDate "2019.02.26"]
[SourceVersion "1"]
[SourceVersionDate "2019.02.26"]
[SourceQuality "1"]

1. e4 e5 2. Nf3 Nf6 3. Bc4 Nxe4 4. Nc3 Nf6 5. Nxe5 d5 6. Bb3 c6 7. d4 Bd6 8. Bg5 0-0 9. 0-0 Nbd7 10. Re1 Be7 11. Qd2 Nxe5 12. dxe5 Ne8 13. Bxe7 Qxe7 14. Re3 Qg5 15. Qd4 g6 16. Ne2 Ng7 17. f4 Qh5 18. g3 Qg4 19. Qd2 h5 20. c3 Nf5 21. Rd3 h4 22. Bd1 hxg3 23. Nxg3 Qh4 24. Nxf5 Bxf5 25. Rg3 Kg7 26. Bf3 Qe7 27. Re1 Rh8 28. Bg4 Bxg4 29. Rxg4 Rh4 30. Rxh4 Qxh4 31. Qf2 Qe7 32. Qg3 Qe6 33. Kg2 Rh8 34. Re2 Rh5 35. b3 Kf8 36. h3 Ke7 37. Re3 Rf5 38. Qh4+ Kd7 39. Qg4 Kc7 40. h4 d4 41. cxd4 Qd5+ 42. Qf3 Qxd4 43. Re4 Qd2+ 44. Qf2 Qd1 45. Qf3 Qc2+ 46. Re2 Qc1 47. Rf2 Rh5 48. Qd3 Qc5 49. Rd2 Qe7 50. Qd6+ Qxd6 51. Rxd6 Rxh4 52. Rf6 Rh7 53. e6 fxe6 54. Rxe6 Rg7 55. Kg3 Kd7 56. Re5 Re7 57. Rg5 Re6 58. Kf3 Kd6 59. a3 c5 60. a4 b6 61. Rg1 a6 62. Rh1 b5 63. axb5 axb5 64. Ra1 Kd5 65. Rd1+ Kc6 66. Ra1 Kb6 67. Ra2 b4 68. Ra8 c4 69. bxc4 Kc5 70. Ra5+ Kxc4 71. Re5 Rxe5 72. fxe5 Kd5 73. Ke3 g5 74. Kd3 g4 75. Ke3 Kxe5 76. Kd3 g3 77. Ke3 b3 78. Kd3 g2 79. Kc3 g1Q 80. Kb2 Qf2+ 81. Ka3 b2 82. Kb4 b1R+ 83. Kc4 Qd4# 0-1

[Event "Hong Kong Jolimark op"]
[Site "Hong Kong"]
[Date "2018.12.23"]
[Round "2"]
[White "Deng, Yu Dong Michael"]
[Black "Cheng, Chen Yu Alexander"]
[Result "1-0"]
[WhiteElo "1951"]
[BlackElo "1482"]
[PlyCount "75"]
[EventDate "2018.12.22"]
[EventType "swiss"]
[EventRounds "9"]
[EventCountry "HKG"]
[SourceTitle "CBM 188 Extra"]
[Source "ChessBase"]
[SourceDate "2019.02.26"]
[SourceVersion "1"]
[SourceVersionDate "2019.02.26"]
[SourceQuality "1"]

1. d4 d5 2. c4 c6 3. Nf3 Nf6 4. Nc3 dxc4 5. a4 Bf5 6. e3 e6 7. Bxc4 Bb4 8. 0-0 0-0 9. Nh4 Bg6 10. Nxg6 hxg6 11. Qb3 Qb6 12. Na2 Bd6 13. Bxe6 Qc7 14. Bc4 Bxh2+ 15. Kh1 Bd6 16. Qd3 Qa5 17. Qxg6 b5 18. axb5 cxb5 19. Qf5 a6 20. Bd3 Nc6 21. b3 Qb6 22. Nc3 Ne7 23. Qf3 Bc7 24. Bb2 Qe6 25. Bc2 g6 26. g3 Qh3+ 27. Kg1 Kg7 28. Ne4 Nfd5 29. Qg2 Qg4 30. Nc3 b4 31. Nxd5 Nxd5 32. Qxd5 Rh8 33. Qe4 Qg5 34. d5+ f6 35. Qe7+ Kh6 36. Bxf6 Qxd5 37. Qg7+ Kh5 38. Qxg6# 1-0